000
00283nam a2200121Ia 4500
008
190216s9999||||xx |||||||||||||| ||und||
100
_a
Peter P Silvester
245
0
_a
Unix System Guidebook
260
_b
Narosa Pubs House
_c
1989
300
_a
335p
650
_a
Computer
942
_c
BK
999
_c
8428
_d
8428